IFM Opac

Hosking's pension schemes and retirement benefits (Record no. 3646)

MARC details
000 -LEADER
fixed length control field 00451nam a2200157Ia 4500
020 ## - INTERNATIONAL STANDARD BOOK NUMBER
International Standard Book Number 0421309601
082 ## - DEWEY DECIMAL CLASSIFICATION NUMBER
Classification number 331.2520942 HOS
100 ## - MAIN ENTRY--PERSONAL NAME
Personal name Hosking, Gordon AlbertMcKelvey, K. Muir [et al...]
9 (RLIN) 2305
245 ## - TITLE STATEMENT
Title Hosking's pension schemes and retirement benefits
250 ## - EDITION STATEMENT
Edition statement 5th ed
260 ## - PUBLICATION, DISTRIBUTION, ETC.
Place of publication, distribution, etc. London:
Name of publisher, distributor, etc. Sweet & Maxwell
Date of publication, distribution, etc. 1985
300 ## - PHYSICAL DESCRIPTION
Extent ix, 264p. ;21cm.
500 ## - GENERAL NOTE
General note Includes index
650 ## - SUBJECT ADDED ENTRY--TOPICAL TERM
Topical term or geographic name entry element PensionsSocial security
9 (RLIN) 2306
942 ## - ADDED ENTRY ELEMENTS (KOHA)
Koha item type Books
Holdings
Withdrawn status Lost status Damaged status Not for loan Collection code Home library Current library Shelving location Date acquired Total Checkouts Full call number Barcode Date last seen Price effective from Koha item type
        Non-fiction IFM Main Campus Library IFM Main Campus Library Archival Collection 09/09/2021   331.2520942 HOS 0000000614 10/21/2015 02/19/2022 Books
        Non-fiction IFM Main Campus Library IFM Main Campus Library Archival Collection 09/09/2021   331.2520942 HOS 0000000616 10/21/2015 02/19/2022 Books
        Non-fiction IFM Mwanza Campus IFM Mwanza Campus Archival Collection 09/09/2021   331.2520942 HOS 0000014343 05/15/2015 02/19/2022 Books